| 000 | 00426nam a2200169Ia 4500 | ||
|---|---|---|---|
| 008 | 170705s9999 xx 000 0 und d | ||
| 020 | _a439314429 | ||
| 245 | _aFroggy's best christmas / | ||
| 245 | _cJonathan London ; illustrated by Frank Remkiewicz. | ||
| 260 | _aNew York : | ||
| 260 | _bScholastic, | ||
| 260 | _c2000 | ||
| 300 | _aunpaged : | ||
| 300 | _bcolor illustration ; | ||
| 300 | _c20cm. | ||
| 500 | _a240 | ||
| 999 |
_c335752 _d335752 |
||